000 01386nam2a22002651 4500
001 RU\NLR\INFOCOMM\1000088021
005 20250617113440.0
035 _a(NLR Aleph) 002576504
090 _a3236681
_c3236681
100 _a20040505d1980 |||y0rusy50 ca
101 0 _arus
102 _aRU
105 _ay |||||||||
200 1 _aЦентрализованное изготовление узлов технологических трубопроводов
_fР.И. Тавастшерна, И.В. Никитин
210 _d1980
_aБ. м.
461 0 _1001RU\NLR\INFOCOMM\1000088012
_12001#$aМонтажные и специальные строительные работы$eОбзор. информ.$hСерия 1$iМонтажные работы$fМ-во монтаж. и спец. строит. работ СССР. ЦБНТИ$v1980, Вып.6
_93236604
_cМ.
_d1979-
_fМ-во монтаж. и спец. строит. работ СССР. ЦБНТИ
_hСерия 1
_iМонтажные работы
_oОбзор. информ.
_tМонтажные и специальные строительные работы
_v1980, Вып.6
700 1 _aТавастшерна
_bР.И.
_4070
701 1 _aНикитин
_bИ.В.
_4070
801 1 _aRU
_bInfoComm
_c20040505
801 0 _aRU
_bNLR
_gPSBO
852 _aNLR
_jП10/5656
942 _cISSUE
980 _aNB
980 _aRUSPER